000 00650nam a2200217 a 4500
001 23910
003 CO-ViMGA
008 141112s2004 ck r 000 u spa d
020 _a9589760279
040 _aCO-ViMGA
_bspa
_cCO-ViMGA
082 0 4 _aBOLca
100 1 _aBolaños, Maria Paula
_934660
245 1 0 _aCamila /
_cMaria Paula Bolaños
260 _aColombia :
_bbabel
300 _a32P.
650 1 4 _a2 : RELACIONES FAMILIARES - CUENTOS INFANTILES
_934661
650 1 4 _a3 : LIBROS ILUSTRADOS PARA NIÑOS
_934662
650 1 4 _a4 : ANIMALES - CUENTOS INFANTILES
_934663
650 1 4 _aCUENTOS INFANTILES COLOMBIANOS
_92369
942 _2ddc
_cBK
999 _c31979
_d31979